000 00297nam a2200109Ia 4500
008 220204s9999 xx 000 0 und d
082 _a065
_bKLI
100 _aKliment, Stephen A
245 0 _aCreative communications for successful design practice
260 _aNew York
_bWatson
_c1977
942 _cBK
999 _c30728
_d30728